[Event "Nikaia op 21st"]
[Site "Nikaia"]
[Date "2013.09.02"]
[Round "9"]
[White "Koutsidis, Achilleas"]
[Black "Noutsos, Stamoulis"]
[Result "1-0"]
[WhiteElo "1752"]
[BlackElo "1966"]
[PlyCount "69"]
[EventDate "2013.08.26"]
[EventType "swiss"]
[EventRounds "9"]
[EventCountry "GRE"]
[SourceTitle "CBM 156 Extra"]
[Source "ChessBase"]
[SourceDate "2013.10.22"]
[SourceVersion "1"]
[SourceVersionDate "2013.10.22"]
[SourceQuality "1"]

1. d4 e6 2. c4 c5 3. d5 exd5 4. cxd5 d6 5. Nc3 g6 6. Nf3 Bg7 7. Nd2 Nf6 8. e4 0-0 9. Be2 a6 10. a4 b6 11. 0-0 Nbd7 12. f4 Rb8 13. Kh1 Re8 14. Bd3 Nf8 15. Qf3 h5 16. e5 Bg4 17. Qf2 dxe5 18. fxe5 Rxe5 19. Nc4 Rxd5 20. Nxd5 Qxd5 21. Ra3 Be6 22. Bf4 Ng4 23. Qc2 Rd8 24. Nxb6 Qd4 25. Bxa6 Qxb2 26. Qxb2 Bxb2 27. Rd3 Rxd3 28. Bxd3 Bd4 29. a5 Nf2+ 30. Rxf2 Bxf2 31. a6 c4 32. a7 Bxb6 33. a8Q cxd3 34. Bh6 Bc5 35. Qa1 1-0

[Event "Nikaia op 21st"]
[Site "Nikaia"]
[Date "2013.08.30"]
[Round "5"]
[White "Maliaros, Stavros"]
[Black "Noutsos, Stamoulis"]
[Result "1-0"]
[WhiteElo "1782"]
[BlackElo "1966"]
[PlyCount "75"]
[EventDate "2013.08.26"]
[EventType "swiss"]
[EventRounds "9"]
[EventCountry "GRE"]
[SourceTitle "CBM 156 Extra"]
[Source "ChessBase"]
[SourceDate "2013.10.22"]
[SourceVersion "1"]
[SourceVersionDate "2013.10.22"]
[SourceQuality "1"]

1. d4 c6 2. Bf4 Nf6 3. e3 g6 4. h3 Bg7 5. Nf3 0-0 6. c4 d6 7. Nc3 Nbd7 8. Be2 Re8 9. 0-0 Nh5 10. Bh2 f5 11. Qb3 e5 12. dxe5 dxe5 13. c5+ Kh8 14. Qc4 Qe7 15. b4 Nf8 16. Qb3 Be6 17. Qc2 Bd5 18. Nxd5 cxd5 19. Rfd1 Red8 20. Rac1 Rac8 21. Qb3 d4 22. Nd2 dxe3 23. Qxe3 f4 24. Qa3 e4 25. Bxh5 e3 26. fxe3 fxe3 27. Bd6 Qh4 28. Ne4 gxh5 29. Qxe3 Re8 30. Re1 Re6 31. Bg3 Qe7 32. Qf3 Ng6 33. Nd6 Rf8 34. Qxh5 Bd4+ 35. Kh1 Qf6 36. Qf3 Qg5 37. Qxf8+ Nxf8 38. Nf7+ 1-0

[Event "GRE-ch U16"]
[Site "Patras"]
[Date "2013.07.09"]
[Round "2.7"]
[White "Nikolaou, Spiridon"]
[Black "Noutsos, Stamoulis"]
[Result "1-0"]
[WhiteElo "1810"]
[BlackElo "1982"]
[PlyCount "143"]
[EventDate "2013.07.08"]
[EventType "swiss"]
[EventRounds "9"]
[EventCountry "GRE"]
[SourceTitle "EXT 2024"]
[Source "ChessBase"]
[SourceDate "2023.10.10"]
[SourceVersion "1"]
[SourceVersionDate "2023.10.10"]
[SourceQuality "1"]

1. d4 e6 2. c4 Nf6 3. g3 d5 4. Nf3 Be7 5. Bg2 0-0 6. 0-0 c6 7. Qc2 b5 8. b3 bxc4 9. bxc4 Nbd7 10. Nbd2 a5 11. e4 Ba6 12. Re1 Nb6 13. Ne5 Rc8 14. c5 Nbd7 15. Nxd7 Nxd7 16. e5 f6 17. exf6 Bxf6 18. Bb2 Re8 19. Bh3 Nf8 20. f4 g5 21. Nf3 gxf4 22. gxf4 Rc7 23. Re3 Rg7+ 24. Kh1 Qc7 25. f5 Qf4 26. Rae1 Qh6 27. Bg2 Bc8 28. Qe2 Qf4 29. Ne5 Bxe5 30. Rxe5 Qh4 31. Qf3 Qf6 32. Bc1 Bd7 33. Bf4 Ree7 34. Qh5 exf5 35. Rxe7 Rxe7 36. Be5 Ng6 37. Qh6 Qf8 38. Qg5 f4 39. Bf3 Qf5 40. Rg1 Qxg5 41. Rxg5 Rf7 42. h4 Kf8 43. Bd6+ Ke8 44. h5 Nf8 45. Rg8 Rf6 46. Kg1 Be6 47. Rh8 Bf5 48. Rg8 Be6 49. Rh8 Bf5 50. Be5 Rf7 51. Bd6 Be4 52. Kf2 Bb1 53. a3 Be4 54. h6 Bg6 55. Ke2 Rf5 56. Bg4 Rf7 57. Rg8 Rf6 58. Kf2 Rf7 59. Kg2 Rf6 60. Kf2 Rf7 61. Be6 Rf6 62. Bh3 Be4 63. Bg4 Bg6 64. Be5 Rf7 65. Bd6 Rf6 66. Bd1 Rf7 67. Ba4 Kd7 68. Rxf8 Rxf8 69. Bxf8 Be4 70. Bd6 Bg6 71. Kf3 Bc2 72. Bxc2 1-0

[Event "GRE-ch U16"]
[Site "Patras"]
[Date "2013.07.08"]
[Round "1.8"]
[White "Noutsos, Stamoulis"]
[Black "Samakas, Stavros"]
[Result "1-0"]
[WhiteElo "1982"]
[BlackElo "1564"]
[PlyCount "79"]
[EventDate "2013.07.08"]
[EventType "swiss"]
[EventRounds "9"]
[EventCountry "GRE"]
[SourceTitle "EXT 2024"]
[Source "ChessBase"]
[SourceDate "2023.10.10"]
[SourceVersion "1"]
[SourceVersionDate "2023.10.10"]
[SourceQuality "1"]

1. d4 d5 2. c4 e6 3. Nf3 Nf6 4. g3 Be7 5. Bg2 0-0 6. 0-0 Nbd7 7. Qc2 c6 8. Nbd2 Qc7 9. b3 b6 10. Bb2 Bb7 11. cxd5 exd5 12. Rac1 Rac8 13. Ne5 Bd6 14. Nxd7 Qxd7 15. e4 dxe4 16. Nxe4 Be7 17. Ng5 h6 18. Nf3 c5 19. dxc5 Rxc5 20. Qe2 Rfc8 21. Rcd1 Qe8 22. Rfe1 Bf8 23. Qd2 Qc6 24. Nh4 Qc7 25. Bxb7 Qxb7 26. Bxf6 gxf6 27. Qf4 Bg7 28. Nf5 Kh7 29. Nd6 Qc7 30. Nxc8 Qxc8 31. Rc1 Rxc1 32. Qxc1 Qf5 33. Qb1 Qxb1 34. Rxb1 Kg6 35. Rc1 Bf8 36. Kg2 Bc5 37. Rc4 f5 38. b4 Bf8 39. a3 a5 40. Rc6+ 1-0

[Event "Attica-ch U16 13"]
[Site "Athens"]
[Date "2012.12.29"]
[Round "6.1"]
[White "Noutsos, Stamoulis"]
[Black "Poulopoulos, Ioannis"]
[Result "1/2-1/2"]
[WhiteElo "1931"]
[BlackElo "2055"]
[PlyCount "66"]
[EventDate "2012.12.22"]
[EventType "swiss"]
[EventRounds "7"]
[EventCountry "GRE"]
[SourceTitle "EXT 2024"]
[Source "ChessBase"]
[SourceDate "2023.10.10"]
[SourceVersion "1"]
[SourceVersionDate "2023.10.10"]
[SourceQuality "1"]

1. d4 Nf6 2. c4 g6 3. Nc3 Bg7 4. g3 0-0 5. Bg2 d6 6. Nf3 Nbd7 7. 0-0 e5 8. e4 c6 9. Re1 Re8 10. h3 exd4 11. Nxd4 Qa5 12. Be3 Ne5 13. Nb3 Qc7 14. c5 dxc5 15. Nxc5 b6 16. Nd3 Rd8 17. Bf4 Nh5 18. Bxe5 Bxe5 19. Qc2 Bd4 20. Ne2 Ba6 21. Red1 Bg7 22. Nb4 Bxe2 23. Qxe2 a5 24. Nd3 Bd4 25. Kh2 Re8 26. Rac1 Rad8 27. b4 axb4 28. Nxb4 c5 29. Qc2 Bxf2 30. Qxf2 Rxd1 31. Rxd1 cxb4 32. Rb1 Qd6 33. Qe1 Qe6 1/2-1/2

[Event "GRE-chT 40th"]
[Site "Achaia"]
[Date "2012.07.04"]
[Round "6.10"]
[White "Harizopoulos, Ioannis"]
[Black "Noutsos, Stamoulis"]
[Result "0-1"]
[WhiteElo "1601"]
[BlackElo "1925"]
[PlyCount "76"]
[EventDate "2012.06.30"]
[EventType "team-swiss"]
[EventRounds "7"]
[EventCountry "GRE"]
[SourceTitle "CBM 149 Extra"]
[Source "ChessBase"]
[SourceDate "2012.08.24"]
[SourceVersion "1"]
[SourceVersionDate "2012.08.24"]
[SourceQuality "1"]
[WhiteTeam "Ptolemaida Ptolemaios"]
[BlackTeam "Korydallos"]
[WhiteTeamCountry "GRE"]
[BlackTeamCountry "GRE"]

1. d4 d5 2. Nf3 Nf6 3. c4 e6 4. Nc3 Be7 5. Bg5 0-0 6. e3 h6 7. Bh4 Ne4 8. Bxe7 Qxe7 9. Qc2 Nxc3 10. bxc3 c6 11. Rb1 b6 12. cxd5 cxd5 13. Bd3 Nd7 14. 0-0 Bb7 15. a4 Rfc8 16. Rb3 Rc7 17. Rfb1 Rac8 18. Nd2 e5 19. Nf1 exd4 20. exd4 Bc6 21. Bb5 Bxb5 22. axb5 Qh4 23. Qd3 Nf6 24. f3 Re8 25. R3b2 Nh5 26. Rf2 Nf4 27. Qd2 Qg5 28. Kh1 Qf5 29. Rb3 Rce7 30. g4 Qf6 31. Ng3 Re1+ 32. Rf1 Rxf1+ 33. Nxf1 Re2 34. Qc1 Qh4 35. Qxf4 Qf2 36. Qg3 Qxf1+ 37. Qg1 Qxf3+ 38. Qg2 Qxg2# 0-1

[Event "GRE-ch U16"]
[Site "Rio Achaia"]
[Date "2012.06.29"]
[Round "7.8"]
[White "Noutsos, Stamoulis"]
[Black "Palaskos, Marios"]
[Result "1/2-1/2"]
[WhiteElo "1925"]
[BlackElo "1697"]
[PlyCount "79"]
[EventDate "2012.06.24"]
[EventType "swiss"]
[EventRounds "6"]
[EventCountry "GRE"]
[SourceTitle "EXT 2024"]
[Source "ChessBase"]
[SourceDate "2023.10.10"]
[SourceVersion "1"]
[SourceVersionDate "2023.10.10"]
[SourceQuality "1"]

1. d4 Nf6 2. c4 e6 3. Nc3 Bb4 4. e3 c5 5. Nf3 Bxc3+ 6. bxc3 d6 7. Bd3 Nc6 8. 0-0 e5 9. d5 Ne7 10. Nd2 0-0 11. Qc2 h6 12. f4 Ng4 13. Nf3 f5 14. fxe5 Nxe5 15. Nxe5 dxe5 16. e4 f4 17. a4 a5 18. Rb1 b6 19. g3 g5 20. gxf4 gxf4 21. Kh1 Kh8 22. Qf2 Qd6 23. Bd2 Bd7 24. Bc2 Qf6 25. Qf3 Rab8 26. Rg1 Rg8 27. Qh5 Rxg1+ 28. Rxg1 Rg8 29. Rxg8+ Kxg8 30. Be1 Qg5 31. Qf3 Nc8 32. h4 Qg4 33. Qxg4+ Bxg4 34. h5 Kf7 35. Bh4 Be2 36. Bd8 Bxh5 37. Bc7 Kf6 38. Bd8+ Kf7 39. Bc7 Kf6 40. Bd8+ 1/2-1/2

[Event "GRE-ch U16"]
[Site "Rio Achaia"]
[Date "2012.06.27"]
[Round "5.6"]
[White "Tompros, Andreas Hristos"]
[Black "Noutsos, Stamoulis"]
[Result "0-1"]
[WhiteElo "1843"]
[BlackElo "1925"]
[PlyCount "80"]
[EventDate "2012.06.24"]
[EventType "swiss"]
[EventRounds "6"]
[EventCountry "GRE"]
[SourceTitle "EXT 2024"]
[Source "ChessBase"]
[SourceDate "2023.10.10"]
[SourceVersion "1"]
[SourceVersionDate "2023.10.10"]
[SourceQuality "1"]

1. Nf3 d5 2. b3 Nf6 3. Bb2 Bg4 4. e3 e6 5. Be2 Bd6 6. d4 0-0 7. 0-0 c5 8. h3 Bh5 9. Nbd2 Nc6 10. c4 cxd4 11. Nxd4 Bxe2 12. Qxe2 Nxd4 13. Bxd4 Qe7 14. Rfd1 Rfd8 15. cxd5 Nxd5 16. Nc4 Bc5 17. Qb2 Bxd4 18. Rxd4 b5 19. Ne5 Qc7 20. Rd3 b4 21. Nc4 Nc3 22. Rxd8+ Rxd8 23. a3 a5 24. axb4 axb4 25. Qc2 g6 26. Qb2 Rd5 27. Qc2 Qd8 28. Kf1 Kg7 29. Ke1 Qc7 30. g3 Rh5 31. Qd3 Rxh3 32. Kd2 Rh5 33. Qd4+ e5 34. Qd3 Rh2 35. Ra5 Rxf2+ 36. Kc1 Qc6 37. e4 Nxe4 38. Rxe5 Nxg3 39. Re1 Nf5 40. Qh3 Qf3 0-1

[Event "GRE-ch U16"]
[Site "Rio Achaia"]
[Date "2012.06.26"]
[Round "4.4"]
[White "Noutsos, Stamoulis"]
[Black "Papakonstantinou, Dimitrios"]
[Result "0-1"]
[WhiteElo "1925"]
[BlackElo "2114"]
[PlyCount "62"]
[EventDate "2012.06.24"]
[EventType "swiss"]
[EventRounds "6"]
[EventCountry "GRE"]
[SourceTitle "EXT 2024"]
[Source "ChessBase"]
[SourceDate "2023.10.10"]
[SourceVersion "1"]
[SourceVersionDate "2023.10.10"]
[SourceQuality "1"]

1. d4 Nf6 2. c4 g6 3. g3 Bg7 4. Bg2 0-0 5. Nc3 d6 6. Nf3 Nbd7 7. 0-0 e5 8. e4 c6 9. h3 Qb6 10. c5 dxc5 11. dxe5 Ne8 12. Qc2 Qc7 13. Be3 b6 14. e6 fxe6 15. Ng5 Ne5 16. f4 h6 17. fxe5 hxg5 18. Rxf8+ Kxf8 19. Rf1+ Kg8 20. Bxg5 Bxe5 21. Qf2 Bd4 22. Be3 Bxe3 23. Qxe3 e5 24. Qg5 Qg7 25. Qd8 Qd7 26. Qg5 Qg7 27. Qd8 Bb7 28. Qd3 Qe7 29. Qc4+ Kg7 30. Qe2 Nc7 31. h4 Ba6 0-1

[Event "Attica-ch U16"]
[Site "Peristeri"]
[Date "2012.04.22"]
[Round "6"]
[White "Noutsos, Stamoulis"]
[Black "Panagos, Theodoros"]
[Result "1/2-1/2"]
[WhiteElo "1910"]
[BlackElo "1735"]
[PlyCount "150"]
[EventDate "2012.04.17"]
[EventType "swiss"]
[EventRounds "7"]
[EventCountry "GRE"]
[SourceTitle "EXT 2024"]
[Source "ChessBase"]
[SourceDate "2023.10.10"]
[SourceVersion "1"]
[SourceVersionDate "2023.10.10"]
[SourceQuality "1"]

1. d4 Nf6 2. c4 e6 3. Nc3 d5 4. cxd5 exd5 5. Bg5 Be7 6. e3 c6 7. Bd3 Nbd7 8. Qc2 h6 9. Bh4 Nh5 10. Bxe7 Qxe7 11. Nf3 Nf4 12. Bf1 Ne6 13. 0-0-0 Ng5 14. Bd3 Nxf3 15. gxf3 Nf6 16. Rhg1 g6 17. e4 Be6 18. Kb1 0-0-0 19. e5 Nh5 20. Nb5 Kb8 21. Nd6 Nf4 22. b4 Rxd6 23. exd6 Qxd6 24. Ka1 Qxb4 25. Qb2 Qxb2+ 26. Kxb2 Kc7 27. Rd2 Kd6 28. Bc2 Nh3 29. Re1 Ng5 30. Re3 Nh3 31. a4 Rd8 32. a5 a6 33. Kc3 Nf4 34. Re1 Nh3 35. Rb1 Kc7 36. Re2 Nf4 37. Re5 Rd7 38. Kd2 Kd6 39. Re3 Re7 40. Reb3 Bc8 41. Re3 Be6 42. Rbb3 Ng2 43. Re5 Nf4 44. Bd3 Rc7 45. Bf1 Re7 46. Re1 Nh5 47. Ree3 Nf4 48. Rb6 Rc7 49. Rc3 Bc8 50. Ke3 g5 51. Kd2 f6 52. Re3 Be6 53. Rb1 h5 54. Rbe1 h4 55. Rb3 Bd7 56. Rb6 Be6 57. Re3 Bd7 58. Rc3 Bc8 59. Rc1 Ng6 60. Re1 Bd7 61. Bd3 Nf4 62. Bf1 Ng6 63. Reb1 Bc8 64. R1b3 Nf4 65. Rc3 Ng6 66. Re3 Bd7 67. Ra3 Bc8 68. Ra1 Nf4 69. Rc1 Ng6 70. Re1 Bd7 71. Bd3 Nf4 72. Rc1 Bc8 73. Ra1 Nh5 74. Rc1 Nf4 75. Re1 Bd7 1/2-1/2

[Event "Attica-ch U16"]
[Site "Peristeri"]
[Date "2012.04.17"]
[Round "1"]
[White "Tzavaras, Stefanos"]
[Black "Noutsos, Stamoulis"]
[Result "0-1"]
[WhiteElo "1516"]
[BlackElo "1910"]
[PlyCount "87"]
[EventDate "2012.04.17"]
[EventType "swiss"]
[EventRounds "7"]
[EventCountry "GRE"]
[SourceTitle "EXT 2024"]
[Source "ChessBase"]
[SourceDate "2023.10.10"]
[SourceVersion "1"]
[SourceVersionDate "2023.10.10"]
[SourceQuality "1"]

1. e4 c6 2. d4 d5 3. exd5 cxd5 4. c4 Nf6 5. Nc3 Nc6 6. Nf3 Bg4 7. Be3 e6 8. Be2 Be7 9. h3 Bh5 10. Ne5 Bxe2 11. Qxe2 0-0 12. 0-0 Bd6 13. Nf3 dxc4 14. Qxc4 Rc8 15. Qb5 Qe7 16. d5 a6 17. Qb3 Na5 18. Qd1 Rfd8 19. Re1 Bb4 20. Bd2 Nxd5 21. Nxd5 Rxd5 22. Rc1 Rxc1 23. Qxc1 Bxd2 24. Nxd2 Qc5 25. Ne4 Qxc1 26. Rxc1 Nc6 27. Nc5 Nd8 28. Kf1 Kf8 29. Ke2 Ke7 30. Rc3 a5 31. Na4 Nc6 32. Nb6 Rb5 33. Nc4 Rc5 34. b3 b5 35. Kd3 bxc4+ 36. bxc4 Kd6 37. a3 f5 38. f4 e5 39. g3 e4+ 40. Ke3 Ne7 41. Kd4 Nc6+ 42. Ke3 a4 43. Rc1 Na5 44. Kd4 0-1

[Event "GRE-ch U18"]
[Site "Nikaia"]
[Date "2012.01.09"]
[Round "9"]
[White "Kalogeris, Ioannis"]
[Black "Noutsos, Stamoulis"]
[Result "1/2-1/2"]
[WhiteElo "1878"]
[BlackElo "1916"]
[PlyCount "138"]
[EventDate "2012.01.03"]
[EventType "swiss"]
[EventRounds "9"]
[EventCountry "GRE"]
[SourceTitle "CBM 146 Extra"]
[Source "ChessBase"]
[SourceDate "2012.02.29"]
[SourceVersion "1"]
[SourceVersionDate "2012.02.29"]
[SourceQuality "1"]

1. g3 d5 2. Bg2 Nf6 3. Nf3 g6 4. 0-0 Bg7 5. d4 0-0 6. b3 e6 7. Bb2 c5 8. dxc5 Qa5 9. Ne1 Qxc5 10. Ba3 Qc7 11. Bxf8 Kxf8 12. c3 Nc6 13. Nd2 b6 14. Rc1 Bb7 15. e3 Rd8 16. Qc2 Ba6 17. c4 d4 18. Ne4 Ng4 19. h3 Nh6 20. g4 Kg8 21. Nf3 f5 22. Neg5 Qe7 23. exd4 fxg4 24. hxg4 Nxd4 25. Nxd4 Rxd4 26. f4 Nxg4 27. Qe2 h5 28. Qxe6+ Qxe6 29. Nxe6 Rd2 30. Nxg7 Kxg7 31. Rfd1 Rf2 32. Rd7+ Kh6 33. Rxa7 Bc8 34. Rf1 Rd2 35. Re1 Nf6 36. Ree7 Rd1+ 37. Kf2 Rd2+ 38. Kf1 Bf5 39. Rf7 Rd1+ 40. Ke2 Rd6 41. Bd5 g5 42. fxg5+ Kxg5 43. Bf3 h4 44. Rg7+ Kf4 45. Bd5 h3 46. Ra8 Nh5 47. Rf7 Rxd5 48. cxd5 h2 49. Ra4+ Kg5 50. Rxf5+ Kxf5 51. Rh4 h1Q 52. Rxh1 Ng3+ 53. Kd3 Nxh1 54. Kc4 Ke5 55. a4 Nf2 56. Kb5 Kxd5 57. Kxb6 Ne4 58. a5 Nd6 59. a6 Kd4 60. Kc6 Nc8 61. Kb5 Kd5 62. b4 Kd6 63. Ka5 Kc6 64. b5+ Kc5 65. a7 Nxa7 66. b6 Nc6+ 67. Ka6 Kd5 68. Kb7 Kc5 69. Kc7 Na5 1/2-1/2

[Event "GRE-ch U18"]
[Site "Nikaia"]
[Date "2012.01.08"]
[Round "8"]
[White "Noutsos, Stamoulis"]
[Black "Tsiros, Fragkiskos Vlasios"]
[Result "1-0"]
[WhiteElo "1916"]
[BlackElo "1852"]
[PlyCount "63"]
[EventDate "2012.01.03"]
[EventType "swiss"]
[EventRounds "9"]
[EventCountry "GRE"]
[SourceTitle "CBM 146 Extra"]
[Source "ChessBase"]
[SourceDate "2012.02.29"]
[SourceVersion "1"]
[SourceVersionDate "2012.02.29"]
[SourceQuality "1"]

1. d4 Nf6 2. c4 c5 3. d5 b5 4. cxb5 a6 5. bxa6 Bxa6 6. g3 g6 7. Bg2 d6 8. Nc3 Bg7 9. Nf3 Nbd7 10. 0-0 Nb6 11. Re1 0-0 12. e4 Nfd7 13. Qc2 Nc4 14. Bf4 Qa5 15. Rac1 Rfb8 16. b3 Na3 17. Qd2 Bxc3 18. Qxc3 Qxc3 19. Rxc3 Nb5 20. Rc2 Nf6 21. Bg5 Bc8 22. a4 Nc7 23. Nd2 Kg7 24. h4 Rb4 25. e5 Ng8 26. Bxe7 Bf5 27. Rc4 Na6 28. Bxd6 Rd8 29. Rec1 Rc8 30. Rxb4 cxb4 31. Rxc8 Bxc8 32. Bf1 1-0

[Event "GRE-ch U18"]
[Site "Nikaia"]
[Date "2012.01.06"]
[Round "6"]
[White "Noutsos, Stamoulis"]
[Black "Liodakis, Konstantinos Spyros"]
[Result "0-1"]
[WhiteElo "1916"]
[BlackElo "2077"]
[PlyCount "94"]
[EventDate "2012.01.03"]
[EventType "swiss"]
[EventRounds "9"]
[EventCountry "GRE"]
[SourceTitle "CBM 146 Extra"]
[Source "ChessBase"]
[SourceDate "2012.02.29"]
[SourceVersion "1"]
[SourceVersionDate "2012.02.29"]
[SourceQuality "1"]

1. d4 Nf6 2. c4 b6 3. Nc3 Bb7 4. f3 d6 5. e4 e5 6. d5 a5 7. h4 Na6 8. Nge2 Be7 9. g4 h6 10. Be3 Nd7 11. Bf2 Ndc5 12. a3 g6 13. Qc2 Bf6 14. 0-0-0 Qe7 15. Bg2 0-0-0 16. Kb1 Kb8 17. Nc1 Bc8 18. Nb3 Nxb3 19. Qxb3 Rdf8 20. Qc2 Qd8 21. h5 Bg5 22. Qe2 Rhg8 23. Be3 f5 24. gxf5 gxf5 25. Bh3 Bxe3 26. Qxe3 f4 27. Qf2 Rg5 28. Bxc8 Qxc8 29. Rdg1 Rfg8 30. Rxg5 Rxg5 31. Ne2 Nc5 32. Qe1 Qe8 33. b4 Nb7 34. Nc3 Rg3 35. Qf2 Qg8 36. Nb5 Rg2 37. Qh4 Rg1+ 38. Rxg1 Qxg1+ 39. Kb2 Qg2+ 40. Ka1 Qf1+ 41. Kb2 Qe2+ 42. Kb3 a4+ 43. Kc3 Qxf3+ 44. Kd2 Qe3+ 45. Kd1 Qd3+ 46. Ke1 Qxe4+ 47. Kf2 Qxc4 0-1

[Event "GRE-ch U18"]
[Site "Nikaia"]
[Date "2012.01.06"]
[Round "5"]
[White "Papakonstantinou, Dimitrios1111"]
[Black "Noutsos, Stamoulis"]
[Result "0-1"]
[WhiteElo "1829"]
[BlackElo "1916"]
[PlyCount "210"]
[EventDate "2012.01.03"]
[EventType "swiss"]
[EventRounds "9"]
[EventCountry "GRE"]
[SourceTitle "CBM 146 Extra"]
[Source "ChessBase"]
[SourceDate "2012.02.29"]
[SourceVersion "1"]
[SourceVersionDate "2012.02.29"]
[SourceQuality "1"]

1. d4 d5 2. c4 e6 3. Nc3 Be7 4. cxd5 exd5 5. Nf3 Nf6 6. Bg5 c6 7. e3 Bf5 8. Bd3 Bxd3 9. Qxd3 0-0 10. Bxf6 Bxf6 11. 0-0 Nd7 12. b4 Rc8 13. Rab1 Nb6 14. Rfc1 Qd7 15. Nd2 Be7 16. a4 Qe6 17. a5 Nd7 18. b5 b6 19. Ne2 bxa5 20. Nf4 Qd6 21. Rxc6 Rxc6 22. bxc6 Qxc6 23. Qb5 Qxb5 24. Rxb5 Nb6 25. Kf1 a4 26. Nxd5 Nxd5 27. Rxd5 a3 28. Ke2 Bb4 29. Rb5 a2 30. Nb3 Bc3 31. Rc5 a1Q 32. Nxa1 Bxa1 33. Ra5 Bc3 34. Rxa7 Bb4 35. Rb7 Bd6 36. h3 g6 37. Rd7 Bb8 38. Kd3 Rc8 39. Rb7 Kf8 40. Kd2 Bd6 41. h4 Rc7 42. Rb6 Ke7 43. g3 Ra7 44. Ke2 Ra2+ 45. Kf1 Ke6 46. Kg2 Rc2 47. Rb5 h5 48. Rb6 Kd7 49. Rb7+ Bc7 50. Ra7 Rb2 51. Ra6 Rb6 52. Ra2 Kd6 53. Rc2 Rc6 54. Ra2 Kd5 55. Kf3 Rf6+ 56. Ke2 Rc6 57. Kd3 f5 58. Ra8 Ke6 59. Re8+ Kf6 60. Ra8 Bd6 61. Ra4 g5 62. hxg5+ Kxg5 63. Ra5 Bc7 64. Rb5 Re6 65. Rc5 Bd8 66. Rb5 Kg4 67. Rb8 Bf6 68. Rb5 Be7 69. Rd5 Rf6 70. Ke2 Ra6 71. Kf1 Ra1+ 72. Kg2 Ra2 73. Rd7 Bf6 74. Rf7 Ra6 75. Rc7 h4 76. gxh4 Bxh4 77. Rc2 Rg6 78. Rc5 Be7 79. Rb5 Bd6 80. f3+ Kg5 81. Kf2 Kf6 82. e4 Bg3+ 83. Ke2 f4 84. Rb6+ Kf7 85. Rxg6 Kxg6 86. Kd3 Bf2 87. d5 Kf6 88. Kc4 Ke5 89. Kd3 Bc5 90. Kc4 Bd6 91. Kd3 Kf6 92. Kd4 Be5+ 93. Kc5 Ke7 94. Kc6 Bd6 95. Kb7 Kf6 96. Kb6 Ke5 97. Kc6 Ba3 98. Kd7 Bb4 99. Kc7 Be7 100. Kd7 Ba3 101. Kc7 Bb4 102. Kc6 Kd4 103. Kc7 Ke3 104. d6 Kxf3 105. e5 Ke4 0-1

[Event "GRE-ch U18"]
[Site "Nikaia"]
[Date "2012.01.05"]
[Round "4"]
[White "Noutsos, Stamoulis"]
[Black "Zeppos, Panagiotis"]
[Result "0-1"]
[WhiteElo "1916"]
[BlackElo "2022"]
[PlyCount "56"]
[EventDate "2012.01.03"]
[EventType "swiss"]
[EventRounds "9"]
[EventCountry "GRE"]
[SourceTitle "CBM 146 Extra"]
[Source "ChessBase"]
[SourceDate "2012.02.29"]
[SourceVersion "1"]
[SourceVersionDate "2012.02.29"]
[SourceQuality "1"]

1. d4 d5 2. c4 c6 3. Nf3 Nf6 4. Nc3 e6 5. Bg5 h6 6. Bxf6 Qxf6 7. e3 Nd7 8. Bd3 dxc4 9. Bxc4 g6 10. 0-0 Bg7 11. b4 0-0 12. Qb3 Qe7 13. e4 e5 14. d5 Nb6 15. Rfd1 Bg4 16. Rd3 Kh8 17. Ne1 cxd5 18. Nxd5 Nxd5 19. Bxd5 Rac8 20. f3 Bd7 21. Rad1 Rc7 22. Nc2 Rfc8 23. Ne1 Bb5 24. Re3 Qe8 25. Qb2 h5 26. Nd3 Rc2 27. Qa1 Qe7 28. Nc5 Qg5 0-1

[Event "GRE-chT 39th"]
[Site "Eretria"]
[Date "2011.07.07"]
[Round "6.5"]
[White "Noutsos, Stamoulis"]
[Black "Dimopoulos, Dimitrios"]
[Result "1-0"]
[WhiteElo "1771"]
[BlackElo "1946"]
[PlyCount "57"]
[EventDate "2011.07.03"]
[EventType "team-swiss"]
[EventRounds "7"]
[EventCountry "GRE"]
[SourceTitle "CBM 143 Extra"]
[Source "ChessBase"]
[SourceDate "2011.08.29"]
[SourceVersion "1"]
[SourceVersionDate "2011.08.29"]
[SourceQuality "1"]
[WhiteTeam "Korydallos"]
[BlackTeam "Heraklion CC"]
[WhiteTeamCountry "GRE"]
[BlackTeamCountry "GRE"]

1. d4 Nf6 2. c4 e6 3. Nf3 b6 4. g3 Ba6 5. Qc2 Bb7 6. Bg2 c5 7. 0-0 cxd4 8. Nxd4 Bxg2 9. Kxg2 Be7 10. Nc3 0-0 11. Rd1 Qc8 12. b3 Rd8 13. Bb2 Nc6 14. e4 Bc5 15. Nf3 Qb7 16. a3 Rac8 17. h3 Be7 18. Rd2 d6 19. Rad1 Nd7 20. Nb5 d5 21. exd5 exd5 22. Rxd5 Nf6 23. Bxf6 gxf6 24. Nd6 Bxd6 25. Rxd6 Rxd6 26. Rxd6 Qe7 27. Rd5 Qxa3 28. Rh5 Qd6 29. Qxh7+ 1-0

[Event "Nikaia Fysiolatriko op 09th"]
[Site "Nikaia"]
[Date "2011.06.23"]
[Round "9"]
[White "Petraki, Maria"]
[Black "Noutsos, Stamoulis"]
[Result "1-0"]
[WhiteElo "2029"]
[BlackElo "1771"]
[PlyCount "53"]
[EventDate "2011.06.16"]
[EventType "swiss"]
[EventRounds "9"]
[EventCountry "GRE"]
[SourceTitle "CBM 143 Extra"]
[Source "ChessBase"]
[SourceDate "2011.08.29"]
[SourceVersion "1"]
[SourceVersionDate "2011.08.29"]
[SourceQuality "1"]

1. e4 c6 2. d4 d5 3. f3 dxe4 4. fxe4 e5 5. Nf3 Bg4 6. Bc4 Nd7 7. 0-0 Ngf6 8. c3 Bd6 9. Bg5 0-0 10. Nbd2 h6 11. Be3 Qc7 12. Qe1 Bh5 13. Kh1 b5 14. Bb3 Rfd8 15. Qh4 Bg6 16. Bxh6 Bf8 17. Qg3 Bh5 18. Nh4 Kh7 19. Bg5 c5 20. Nf5 c4 21. Bc2 Rac8 22. Nf3 exd4 23. Bf4 Qc6 24. N5xd4 Qb7 25. e5+ Ne4 26. Bxe4+ Qxe4 27. Ng5+ 1-0

[Event "Nikaia Fysiolatriko op 09th"]
[Site "Nikaia"]
[Date "2011.06.19"]
[Round "5"]
[White "Skaperdas, Kostantinos"]
[Black "Noutsos, Stamoulis"]
[Result "1-0"]
[WhiteElo "2192"]
[BlackElo "1771"]
[PlyCount "141"]
[EventDate "2011.06.16"]
[EventType "swiss"]
[EventRounds "9"]
[EventCountry "GRE"]
[SourceTitle "CBM 143 Extra"]
[Source "ChessBase"]
[SourceDate "2011.08.29"]
[SourceVersion "1"]
[SourceVersionDate "2011.08.29"]
[SourceQuality "1"]

1. e4 c6 2. d4 d5 3. e5 Bf5 4. Nf3 e6 5. Be2 Nd7 6. 0-0 Ne7 7. c3 Nc8 8. Na3 Be7 9. Nc2 0-0 10. Nfe1 Bg6 11. Nd3 a6 12. Nf4 Na7 13. Nxg6 hxg6 14. Bd3 Re8 15. Be3 c5 16. Qg4 cxd4 17. cxd4 Nf8 18. g3 f5 19. exf6 Bxf6 20. Bxg6 Nxg6 21. Qxg6 Qe7 22. Rfe1 Rac8 23. Re2 Qf7 24. Qxf7+ Kxf7 25. Ne1 Rc4 26. Nf3 Rec8 27. Bg5 Nb5 28. Bxf6 gxf6 29. Rae1 R8c6 30. Rd2 Nd6 31. h4 Ne4 32. Rde2 b5 33. Nd2 Rxd4 34. Nxe4 dxe4 35. Rxe4 Rd2 36. R1e2 Rcc2 37. Rxd2 Rxd2 38. Rb4 Kg6 39. a4 bxa4 40. Rxa4 Rxb2 41. Rxa6 e5 42. Ra8 Rb4 43. Kg2 Kh6 44. Kh3 Kg6 45. Rg8+ Kh6 46. Rg4 Rb3 47. Ra4 Kg6 48. Kg4 Rb2 49. h5+ Kg7 50. f3 Rb6 51. Kf5 Rb3 52. Ra7+ Kh6 53. Kg4 f5+ 54. Kxf5 Rxf3+ 55. Kg4 Rb3 56. Ra6+ Kh7 57. Re6 Re3 58. Kh4 Re1 59. g4 e4 60. Kg5 e3 61. Re7+ Kg8 62. Kg6 Kf8 63. Re4 e2 64. g5 Ra1 65. Rxe2 Ra6+ 66. Kf5 Ra5+ 67. Kf6 Ra6+ 68. Re6 Ra1 69. Rb6 Rf1+ 70. Kg6 Ke7 71. h6 1-0